| 000 | 00503nam a22001577a 4500 | ||
|---|---|---|---|
| 003 | SGT | ||
| 020 | _a9788182742895 | ||
| 082 | _a658.3,SUR | ||
| 100 | _aSURI,R K. | ||
| 245 | _aCASE STUDIES IN HUMAN RESOURCE MANAGEMENT | ||
| 260 |
_aNEW DELHI _bPENTAGON PRESS _c2007 |
||
| 300 | _a383 | ||
| 650 | _aHUMAN RESOURCE MANAGEMENT | ||
| 653 | _aNATURE AND SCOPE OF ORGANISATIONAL BEHAVIOUR,GROUP DYNAMICS,ORGANISATIONAL BEHAVIOR,PERSONNEL/HUMAN RESOURCE MANAGEMENT,EXERCISES AND GAMES | ||
| 942 |
_2ddc _cFCM _03 |
||
| 999 |
_c8866 _d8866 |
||